000 00393cam a22001458i 4500
020 _a9781625275332 (alk. paper)
040 _cDLC
082 0 0 _a658 HAR 2015 A116 Or.
245 0 0 _aHBR guide to coaching employees.
246 3 _aHarvard Business Review guide to coaching employees
300 _apages cm
650 0 _aEmployees
710 2 _aHarvard Business Review Press.
942 _cAEDBB
999 _c17525
_d17525